2016 Olympics - Where Are These Champions From? (harder) - Statistics

General Stats
  • This quiz has been taken 64 times
  • The average score is 12 of 20
Answer Stats
event athlete country % Correct
Athletics - women's 100m Elaine Thompson Jamaica
90%
Track cycling - men's sprint Jason Kenny Great Britain
86%
Swimming - 100m womens' butterfly Sarah Sjöström Sweden
83%
Handball - men's Jesper Nøddesbo Denmark
81%
Athletics - men's marathon Eliud Kipchoge Kenya
81%
Tennis - women's doubles Ekaterina Makarova Russia
81%
Water polo - men's Dušan Mandić Serbia
79%
Archery - men's individual Ku Bon-chan South Korea
74%
Fencing - men's individual foil Daniele Garozzo Italy
69%
Diving - men's 10m platform Chen Aisen China
67%
Swimming - 100m mens' butterfly Joseph Schooling Singapore
60%
Athletics - womens 400m Shaunae Miller Bahamas
59%
Field hockey - men's Ignacio Ortiz Argentina
53%
Equestrian - individual eventing Michael Jung Germany
53%
Wrestling - men's freestyle 97kg Kyle Snyder United States
48%
Boxing - men's fly 52 kg Shakhobidin Zoirov Uzbekistan
43%
Shooting - women's 25m pistol Anna Korakaki Greece
40%
Weightlifting - men's 94kg Taha Akgül Iran
34%
Judo - women's 63 kg Tina Trstenjak Slovenia
34%
Badminton - women's singles Carolina Marin Spain
28%
No matching quizzes found
Score Distribution
Percent of People with Each Score
Percentile by Number Answered
Your Score History
You have not taken this quiz